| 000 | 00473nam a2200181Ia 4500 | ||
|---|---|---|---|
| 003 | IN-BaIIA | ||
| 008 | 211028s9999 xx 000 0 eng d | ||
| 040 | _cIIA Library | ||
| 080 |
_a530.1 _bREI |
||
| 100 |
_aReif, F _97056 |
||
| 245 | 0 |
_aStatistical physics _cF. Reif |
|
| 260 |
_aNew York _bMcGraw-Hill _c1967 |
||
| 300 | _axxi, 398p. | ||
| 490 | _aBerkeley physics course; v. 5 | ||
| 650 |
_aApplied Physics _97057 |
||
| 650 |
_aStatistical physics _94158 |
||
| 942 | _cBK | ||
| 999 |
_c3992 _d3992 |
||